| 000 | 00700nam a22001937a 4500 | ||
|---|---|---|---|
| 005 | 20251108172854.0 | ||
| 008 | 250721s2004 xx 000 0 ara d | ||
| 082 | 1 | 4 | _a956.4033/عنا |
| 100 | 1 | _aالعنابي، فاطمة الزهراءغربي | |
| 245 | 1 | 0 | _aأبو عمار ياسر عرفات في مسار القضية الفلسطينية / |
| 264 | 1 |
_aاربد : _bالمؤلفة، _c2004. |
|
| 300 | _a172ص. | ||
| 490 | 0 | _aمفهوم الزعامة في الخطاب العربي - دراسات أكاديمية وزارية - | |
| 650 | 1 | 7 | _aتاريخ فلسطين |
| 650 | 1 | 7 | _aعهد ياسر عرفات 1969 |
| 650 | 1 | 7 | _aإسرائيل |
| 942 |
_2ddc _cBK |
||
| 999 |
_c90567 _d90567 |
||